00553nam a2200193Ia 4500001000700000003000500007008004100012010001100053040000900064082001700073100002500090245008500115260003200200300001900232440000500251500003500256503000800291650006000299Z_3925CHAP220113s1997 xx 000 0 und d a166986 cCHAP a636.9089 W5y aWinkelmann, Johannes aEnfermedades de los conejos /cpor Johannes Winkelmann y Hans-Jürgen Lammers aZaragoza :bAcribia,c1997 a154 p. ; ilus. a aTrad. De : Kaninchenkrakheiten aC/E aConejosxEnfermedades I. Lammers, HansxJürgen II. t.